The American party battle /

Bibliographic Details
Main Author: Beard, Charles A. (Charles Austin), 1874-1948
Format: Book
Language:English
Published: New York city : The Macmillan company, [1928]
Series:World today bookshelf.
Subjects:

MARC

Tag First Indicator Second Indicator Subfields
LEADER 00000cam a2200000 4500
001 in00000062093
005 20151008051117.0
008 720316s1928 nyu b 00000 eng u
010 |a  28022424  
035 |a (OCoLC)00264502 
035 |9 AAG5808AM 
040 |c YNG  |d TXA  |d UtOrBLW 
049 |a TXAM  |c 1 [38600]  
090 |a JK2261  |b .B4 
092 |a 329  |b B368a 
100 1 |a Beard, Charles A.  |q (Charles Austin),  |d 1874-1948. 
245 1 4 |a The American party battle /  |c by Charles A. Beard... 
264 1 |a New York city :  |b The Macmillan company,  |c [1928] 
264 4 |c ©1928 
300 |a vii pages, 150 pages 
336 |a text  |b txt  |2 rdacontent 
337 |a unmediated  |b n  |2 rdamedia 
338 |a volume  |b nc  |2 rdacarrier 
490 1 |a The World today bookshelf 
500 |a "A short book list": page 150. 
650 0 |a Political parties  |z United States. 
651 0 |a United States  |x Politics and government. 
830 0 |a World today bookshelf. 
999 |a MARS 
999 f f |s 3ebda8cf-4d4f-3996-a8f8-c13b189f615e  |i 49b81739-ae0b-3cc0-9b40-d35ff4bd8931  |t 0 
952 f f |p ric  |a Texas A&M University  |b Rellis Campus  |c Joint Library Facility  |d Remote Storage  |t 0  |e JK2261 .B4  |h Library of Congress classification  |i unmediated -- volume  |m A14800682752 
998 f f |a JK2261 .B4  |t 0  |l Remote Storage